Sports Quiz

Random Sports or MLB Quiz

Name all 39 Boston Red Sox in 1967 Quiz Stats

Quiz not verified by Sporcle

Also try: NFL (1990-2010)
Challenge
Share
Tweet
Embed
Score 0/39 Timer 20:00
0 Plays Today
age % Correct
27Carl Yastrzemski
97.6%
25Jim Lonborg
95.1%
22Reggie Smith
91.4%
22Tony Conigliaro
91%
23George Scott
90.2%
24Rico Petrocelli
89.4%
38Elston Howard
84.1%
23Mike Andrews
83.3%
23Dalton Jones
79.6%
24Joe Foy
78.8%
26Jose Santiago
76.3%
25Ken Harrelson
75.9%
18Ken Brett
71%
30Jerry Adair
68.2%
30Gary Bell
67.8%
28Jose Tartabull
66.1%
21Billy Rohr
64.9%
32John Wyatt
64.5%
25Mike Ryan
63.7%
28Russ Gibson
62%
age % Correct
22Sparky Lyle
61.6%
29George Thomas
60.8%
30Bob Tillman
60%
25Gary Waslewski
57.6%
30Lee Stange
55.5%
24Bill Landis
53.5%
33Jim Landis
53.5%
33Dan Osinski
52.7%
33Norm Siebern
51.8%
23Jerry Stephenson
51%
24Dave Morehead
49.4%
37Don McMahon
49%
22Tony Horton
46.9%
26Bucky Brandon
44.5%
32Don Demeter
42.9%
27Dennis Bennett
39.6%
31Galen Cisco
38.4%
27Hank Fischer
37.1%
19Ken Poulsen
35.5%

You're not logged in!

Compare scores with friends on all Sporcle quizzes.
Join for Free
OR
Log In

You Might Also Like...

Show Comments

Extras

Top Quizzes Today


Score Distribution

Your Account Isn't Verified!

In order to create a playlist on Sporcle, you need to verify the email address you used during registration. Go to your Sporcle Settings to finish the process.

Report this User

Report this user for behavior that violates our Community Guidelines.

Details: